Loading...
Fine Arts - Visual Fine Arts | 0 | 7 | 1 | 1 | 65 | 57 | 71.57 | 1 | 5 |
Mythology | 0 | 6 | 0 | 2 | 60 | 74 | 92.00 | 2 | 3 |
Fine Arts - Classical Music | 0 | 4 | 0 | 1 | 40 | 13 | 58.50 | 2 | 3 |
History - European History | 0 | 4 | 1 | 0 | 35 | 42 | 74.75 | 1 | 3 |
Fine Arts - Other Fine Arts | 0 | 4 | 3 | 1 | 25 | 60 | 95.75 | 2 | 2 |
Religion | 0 | 3 | 1 | 0 | 25 | 98 | 109.33 | 0 | 1 |
History - Other History | 0 | 3 | 1 | 0 | 25 | 38 | 64.00 | 1 | 1 |
History - American History | 0 | 2 | 0 | 0 | 20 | 53 | 81.00 | 0 | 1 |
Other Academic | 0 | 2 | 0 | 0 | 20 | 41 | 41.00 | 2 | 2 |
History - World History | 0 | 1 | 0 | 1 | 10 | 135 | 135.00 | 0 | 0 |
Literature - British Literature | 0 | 1 | 0 | 0 | 10 | 62 | 62.00 | 0 | 1 |
Philosophy | 0 | 1 | 0 | 0 | 10 | 88 | 88.00 | 0 | 1 |
Geography/Current Events | 0 | 1 | 2 | 0 | 0 | 107 | 107.00 | 0 | 0 |
Science - Other Science | 0 | 0 | 1 | 0 | -5 | 0.00 | 0 | 0 |